000 00812nam a2200205 a 4500
001 000043400
005 20201002040859.0
008 140313s2007 sp abd 000 0 spa d
020 _a9788496515482
040 _aDO-SdBNP
_bspa
_cBNPHU
100 1 _aPérez García, Francisco.
_951037
245 1 0 _aClaves del desarrollo a largo plazo de la economía española /
_cFrancisco Pérez García.
260 _aBilbao :
_bFundación BBVA,
_c2007.
300 _a223 p. :
_bil., gráf., mapas.
490 1 _aConferencias magistrales,
500 _aEsta obra recoge uno de los ciclos de Conferencias Magistrales que, organizado por la Fundación BBVA, impartió el profesor Francisco Pérez.
504 _aBibliografía : (p. 217-222)
710 2 _aFundación BBVA
_956899
830 0 _aConferencias magistrales
_971060
999 _c42889
_d42889